[Event "Alpenpokal"]
[Site "Oberstdorf / Langenwang"]
[Date "2008.01.11"]
[Round "1"]
[White "Van Baarle, C John"]
[Black "Aigner, Georg"]
[Result "1-0"]
[WhiteElo "2266"]
[BlackElo "2051"]
[PlyCount "79"]
[EventDate "2008.??.??"]

1. e4 e5 2. Nf3 Nc6 3. Bb5 a6 4. Bxc6 dxc6 5. O-O Bg4 6. d3 Bd6 7. Nbd2 Ne7 8.
Nc4 Ng6 9. h3 Bd7 10. d4 Qe7 11. Be3 O-O-O 12. Re1 Be6 13. Qe2 f6 14. Rad1 exd4
15. Nxd4 Bxc4 16. Qxc4 Qxe4 17. Bh6 Qh4 18. Qe6+ Kb8 19. Bxg7 Rhe8 20. Qxf6 Qh5
21. Qf5 Qxf5 22. Nxf5 Rg8 23. Bh6 Rd7 24. g4 Kc8 25. Kg2 Bc5 26. Rxd7 Kxd7 27.
c3 Bd6 28. Nxd6 cxd6 29. f4 c5 30. Kg3 b5 31. h4 Ne7 32. Bg5 Nc6 33. h5 b4 34.
Bf6 bxc3 35. bxc3 Rb8 36. g5 d5 37. g6 hxg6 38. h6 Nd8 39. Re7+ Kd6 40. Re8 1-0

[Event "Alpenpokal"]
[Site "Oberstdorf / Langenwang"]
[Date "2008.01.11"]
[Round "1"]
[White "Wulf, Adalbert"]
[Black "Weinwurm, Wolfgang"]
[Result "0-1"]
[WhiteElo "2020"]
[BlackElo "2129"]
[PlyCount "56"]
[EventDate "2008.??.??"]

1. d4 Nf6 2. Nf3 g6 3. Bf4 Bg7 4. Nbd2 O-O 5. e3 d6 6. Bd3 Nc6 7. c3 h6 8. Qc2
Qe8 9. O-O-O e5 10. Bg3 a6 11. Nh4 b5 12. dxe5 Nxe5 13. Bxe5 Qxe5 14. h3 a5 15.
g4 Be6 16. Ndf3 Qc5 17. Kb1 b4 18. Nd4 Bd7 19. c4 a4 20. Qd2 d5 21. cxd5 Qxd5
22. Qe2 c5 23. Bc4 Qe4+ 24. Bd3 Qe7 25. Ndf3 a3 26. Bc4 Bc6 27. Rhg1 axb2 28.
Qxb2 Bxf3 0-1

[Event "Alpenpokal"]
[Site "Oberstdorf / Langenwang"]
[Date "2008.01.11"]
[Round "1"]
[White "Rautenstrauch, Dr. Hans"]
[Black "Seyfarth, Rudolf"]
[Result "1-0"]
[WhiteElo "2100"]
[BlackElo "1798"]
[PlyCount "83"]
[EventDate "2008.??.??"]

1. e4 c5 2. Nc3 Nc6 3. f4 e6 4. Nf3 g6 5. Bb5 Bg7 6. d3 Nge7 7. Bxc6 dxc6 8.
O-O O-O 9. Qe1 b6 10. Qh4 Bd7 11. Bd2 Nc8 12. Qh3 Nd6 13. Rae1 f6 14. e5 Nf7
15. exf6 Bxf6 16. Qg3 Bg7 17. b3 Qc7 18. Ne4 e5 19. Qh4 Bf5 20. Nf6+ Bxf6 21.
Qxf6 Rae8 22. Bc3 Re6 23. Qh4 Qe7 24. Qxe7 Rxe7 25. Bxe5 Rfe8 26. Kf2 Bg4 27.
Bf6 Re6 28. Bc3 Nd6 29. Ne5 Nb5 30. Bb2 h5 31. h3 Bf5 32. g4 Rxe5 33. Rxe5 Rxe5
34. Bxe5 hxg4 35. hxg4 Bxg4 36. c3 Bf5 37. Ke3 Kf7 38. a4 Na3 39. Kd2 b5 40.
Ra1 b4 41. Bd6 Be6 42. cxb4 1-0

[Event "Alpenpokal"]
[Site "Oberstdorf / Langenwang"]
[Date "2008.01.11"]
[Round "1"]
[White "Jolowicz, Matias"]
[Black "Borries, Barbara"]
[Result "1-0"]
[WhiteElo "2272"]
[BlackElo "1947"]
[PlyCount "55"]
[EventDate "2008.??.??"]

1. c4 e5 2. g3 Nf6 3. Bg2 Bc5 4. Nc3 a6 5. e3 c6 6. Nge2 O-O 7. O-O Re8 8. d4
exd4 9. exd4 Bb4 10. a3 Bxc3 11. Nxc3 d5 12. cxd5 cxd5 13. Bg5 Be6 14. Qb3 b5
15. a4 bxa4 16. Qxa4 Bd7 17. Qd1 Bc6 18. Bxf6 Qxf6 19. Nxd5 Bxd5 20. Bxd5 Ra7
21. Qa4 Rd8 22. Rfe1 Nd7 23. Rad1 h6 24. Bg2 Nb6 25. Re8+ Rxe8 26. Qxe8+ Kh7
27. Qe2 Na4 28. Qc2+ 1-0

[Event "Alpenpokal"]
[Site "Oberstdorf / Langenwang"]
[Date "2008.01.11"]
[Round "1"]
[White "Kahler, Kurt"]
[Black "Frey, Michael"]
[Result "0-1"]
[WhiteElo "1945"]
[BlackElo "2060"]
[PlyCount "60"]
[EventDate "2008.??.??"]

1. d4 f5 2. e4 fxe4 3. Nc3 Nf6 4. Bg5 Nc6 5. Bxf6 exf6 6. d5 Ne5 7. Nxe4 f5 8.
Nc3 Be7 9. Nf3 Nxf3+ 10. Qxf3 O-O 11. Bd3 d6 12. O-O-O Bf6 13. Ne2 Qe8 14. h4
Qa4 15. a3 b5 16. Qf4 Qa5 17. Kb1 Be5 18. Qd2 Qb6 19. f4 Bf6 20. Ng3 a5 21.
Nxf5 b4 22. a4 Bd7 23. b3 g6 24. Ne3 Qd4 25. c3 bxc3 26. Qc1 Rab8 27. Bc4 c2+
28. Nxc2 Qxc4 29. Nd4 Rxb3+ 30. Nxb3 Qxb3+ 0-1

[Event "Alpenpokal"]
[Site "Oberstdorf / Langenwang"]
[Date "2008.01.11"]
[Round "1"]
[White "Martino-Groß, Peter"]
[Black "Schulz, Hermann"]
[Result "1/2-1/2"]
[WhiteElo "2098"]
[BlackElo "1875"]
[PlyCount "91"]
[EventDate "2008.??.??"]

1. c4 e5 2. Nc3 Nf6 3. Nf3 d6 4. g3 Be7 5. Bg2 Nc6 6. d3 O-O 7. O-O Rb8 8. Rb1
Bd7 9. h3 a6 10. a4 a5 11. Ne1 Nd4 12. Nc2 c5 13. Ne3 Re8 14. Ned5 Bc6 15. Kh2
Nxd5 16. Nxd5 Ne6 17. Bd2 Bxd5 18. Bxd5 b6 19. e3 Nc7 20. Be4 Rf8 21. f4 f5 22.
Bg2 Kh8 23. e4 exf4 24. Bxf4 Qd7 25. exf5 Rxf5 26. Be4 Rf6 27. b3 g6 28. Bd2
Rxf1 29. Qxf1 Bf8 30. Qg2 Bg7 31. Re1 Rf8 32. Bc6 Qf7 33. Bf4 Qf6 34. Re2 g5
35. Bd2 Ne6 36. Be1 Nd4 37. Rf2 Qe7 38. Rxf8+ Bxf8 39. Bc3 Bg7 40. Bxd4 Bxd4
41. Qe4 Qxe4 42. Bxe4 Kg7 43. Kg2 h6 44. Kf3 Kf6 45. Kg4 Be5 46. h4 1/2-1/2

[Event "Alpenpokal"]
[Site "Oberstdorf / Langenwang"]
[Date "2008.01.11"]
[Round "1"]
[White "Marek, Herbert"]
[Black "Johanssen, Torsten"]
[Result "1/2-1/2"]
[WhiteElo "1953"]
[BlackElo "1982"]
[PlyCount "107"]
[EventDate "2008.??.??"]

1. d4 Nf6 2. c4 e5 3. dxe5 Ng4 4. e3 Nxe5 5. a3 a5 6. Nf3 Nbc6 7. Nc3 Bc5 8.
Ne4 b6 9. Be2 Nxf3+ 10. Bxf3 Qe7 11. O-O Rb8 12. Nxc5 Qxc5 13. b3 O-O 14. Bb2
Ne5 15. Be4 Re8 16. Qc2 Ng6 17. Rfd1 Qe7 18. Qc3 Qf8 19. Qc2 Qe7 20. Qc3 Qf8
21. Qc2 d6 22. Rd2 Be6 23. Rad1 f5 24. Bd5 Kh8 25. Bxe6 Rxe6 26. Rd5 Ne7 27.
R5d4 Re8 28. Rf4 Kg8 29. Kh1 g5 30. Rfd4 Qf7 31. b4 axb4 32. axb4 Nc6 33. Rd5
Ne7 34. R5d2 Ng6 35. c5 bxc5 36. bxc5 f4 37. Bd4 d5 38. Qb1 c6 39. g3 fxe3 40.
fxe3 Ne5 41. Rf1 Nf3 42. Rdf2 g4 43. Qd1 Rf8 44. h3 Qg6 45. Qb1 Qh5 46. h4 Qf7
47. Rb2 Rfe8 48. Rb7 R8e7 49. Rxe7 Qxe7 50. Qf5 Nxd4 51. Qxg4+ Kh8 52. Qxd4+
Kg8 53. Qg4+ Kh8 54. Qd4+ 1/2-1/2

[Event "Alpenpokal"]
[Site "Oberstdorf / Langenwang"]
[Date "2008.01.11"]
[Round "1"]
[White "Schroeter, Harald"]
[Black "Haugg, Gerhard"]
[Result "1/2-1/2"]
[WhiteElo "2045"]
[BlackElo "1984"]
[PlyCount "60"]
[EventDate "2008.??.??"]

1. d4 e6 2. c4 c6 3. Nf3 d5 4. Qc2 f5 5. Bf4 Nf6 6. Nbd2 Bd6 7. e3 O-O 8. g3
Ne4 9. Bg2 h6 10. O-O g5 11. Bxd6 Qxd6 12. Rac1 Na6 13. c5 Qc7 14. a3 Nb8 15.
Ne5 Nd7 16. Nd3 Nxd2 17. Qxd2 Nf6 18. Ne5 Nd7 19. Nd3 Nf6 20. Qe2 Bd7 21. Ne5
Be8 22. b4 Nd7 23. f4 Nxe5 24. fxe5 Bg6 25. a4 a6 26. Ra1 Be8 27. Qd3 Rd8 28.
Rf2 Qg7 29. Qd2 Rf7 30. Kh1 Bd7 1/2-1/2

[Event "Alpenpokal"]
[Site "Oberstdorf / Langenwang"]
[Date "2008.01.11"]
[Round "1"]
[White "Schampel, Arno"]
[Black "Froehlich, Rainer"]
[Result "0-1"]
[WhiteElo "1969"]
[BlackElo "2114"]
[PlyCount "84"]
[EventDate "2008.??.??"]

1. d4 Nf6 2. c4 c5 3. Nf3 cxd4 4. Nxd4 g6 5. Nc3 Bg7 6. g3 O-O 7. Bg2 Nc6 8.
Nxc6 bxc6 9. O-O Rb8 10. Qc2 d5 11. cxd5 cxd5 12. Rd1 d4 13. Qa4 e5 14. Qxa7
Bf5 15. e4 Be6 16. Qa6 Bd7 17. Nd5 Nxd5 18. exd5 Bb5 19. Qa3 Re8 20. Bd2 e4 21.
Bf4 Ra8 22. Qc5 Qd7 23. a3 Rac8 24. Qd6 Qf5 25. Re1 g5 26. Bd2 Rc2 27. Qb4 Bd3
28. Rad1 e3 29. fxe3 dxe3 30. Rxe3 Rxe3 31. Bxe3 Rxb2 32. Qa4 Rxg2+ 33. Kxg2
Be4+ 34. Kg1 Qf3 35. Qxe4 Qxe4 36. Bf2 Qa4 37. Rd3 Be5 38. d6 Qd7 39. Bc5 f6
40. a4 f5 41. a5 Qb5 42. Rd5 Bxd6 0-1

[Event "Alpenpokal"]
[Site "Oberstdorf / Langenwang"]
[Date "2008.01.11"]
[Round "1"]
[White "Gehrig, Thomas"]
[Black "Tauscher, Max"]
[Result "1-0"]
[WhiteElo "1956"]
[BlackElo "1651"]
[PlyCount "73"]
[EventDate "2008.??.??"]

1. c4 e5 2. g3 c6 3. Bg2 d6 4. Nc3 Nf6 5. e4 Be7 6. Nge2 Be6 7. b3 O-O 8. d4
Qd7 9. h3 Qc8 10. Bb2 Na6 11. Rc1 h6 12. Qd2 Nh7 13. Nd1 Bg5 14. f4 exf4 15.
Nxf4 Bd7 16. Nf2 Re8 17. O-O Nc7 18. Kh2 Ne6 19. N2d3 Nef8 20. Rce1 Ng6 21. Qf2
Nxf4 22. gxf4 Bd8 23. Qg3 Bc7 24. d5 f6 25. Rg1 c5 26. Bf3 Re7 27. Qh4 Qf8 28.
Qxh6 Be8 29. Qh4 a5 30. Bd1 a4 31. f5 axb3 32. a3 b5 33. cxb5 c4 34. Nf4 Ba5
35. Re3 Bb6 36. Ng6 Bxg6 37. fxg6 1-0

[Event "Alpenpokal"]
[Site "Oberstdorf / Langenwang"]
[Date "2008.01.11"]
[Round "1"]
[White "Brassat, Juergen"]
[Black "Maugg, Ludwig"]
[Result "0-1"]
[WhiteElo "1588"]
[BlackElo "2104"]
[PlyCount "60"]
[EventDate "2008.??.??"]

1. d4 Nf6 2. c4 c5 3. d5 b5 4. cxb5 a6 5. bxa6 g6 6. Nc3 Bxa6 7. g3 d6 8. Bg2
Bg7 9. Nf3 Nbd7 10. Rb1 O-O 11. O-O Nb6 12. Re1 Nc4 13. Qc2 Qa5 14. a4 Nd7 15.
Na2 Ncb6 16. Nc3 Bb7 17. Qe4 e6 18. Bd2 exd5 19. Qh4 Nc4 20. Bh6 f6 21. Bxg7
Kxg7 22. Bh3 Nde5 23. Be6 d4 24. Nd5 Rae8 25. Qh3 Nxf3+ 26. exf3 Bxd5 27. b4
Qa8 28. Bxd5 Qxd5 29. b5 Ne5 30. Qg2 Nxf3+ 0-1

[Event "Alpenpokal"]
[Site "Oberstdorf / Langenwang"]
[Date "2008.01.11"]
[Round "1"]
[White "Wahl, Frithjof"]
[Black "Brehme, Helmut"]
[Result "1/2-1/2"]
[WhiteElo "2093"]
[BlackElo "1827"]
[PlyCount "48"]
[EventDate "2008.??.??"]

1. e4 e5 2. Nf3 Nc6 3. Bb5 f5 4. d3 d6 5. O-O h6 6. Nc3 a6 7. Bc4 Nf6 8. Nh4 f4
9. Ng6 Rh7 10. Nxf8 Kxf8 11. f3 g5 12. Nd5 Na5 13. b4 Nxc4 14. dxc4 Be6 15. Bb2
Nd7 16. c5 dxc5 17. bxc5 c6 18. Nb4 Qc7 19. Qd6+ Qxd6 20. cxd6 Kf7 21. Rfd1 a5
22. Nd3 Kf6 23. a4 b6 24. Bc3 Bc4 1/2-1/2

[Event "Alpenpokal"]
[Site "Oberstdorf / Langenwang"]
[Date "2008.01.11"]
[Round "1"]
[White "Heyse, Jürgen"]
[Black "Klempt, Günter"]
[Result "0-1"]
[WhiteElo "1826"]
[BlackElo "2091"]
[PlyCount "60"]
[EventDate "2008.??.??"]

1. d4 Nf6 2. Nf3 g6 3. e3 Bg7 4. Be2 O-O 5. O-O b6 6. b3 c5 7. Bb2 cxd4 8. exd4
Bb7 9. c4 d5 10. Nbd2 Nc6 11. h3 Rc8 12. Rc1 e6 13. Re1 Re8 14. Ne5 Nxe5 15.
dxe5 Nd7 16. f4 Qh4 17. Rf1 Bf8 18. Kh2 Red8 19. g3 Qe7 20. Qe1 Nc5 21. Nf3
dxc4 22. Bxc4 Nd3 23. Bxd3 Rxc1 24. Qxc1 Rxd3 25. Ne1 Rd5 26. Ng2 Qd7 27. Bc3
Rd3 28. Ne3 Qc6 29. Bd2 Qe4 30. Rg1 Bc5 0-1

[Event "Alpenpokal"]
[Site "Oberstdorf / Langenwang"]
[Date "2008.01.11"]
[Round "1"]
[White "Westermayer, Johann"]
[Black "Winter, Rudolf"]
[Result "1/2-1/2"]
[WhiteElo "1865"]
[BlackElo "1878"]
[PlyCount "23"]
[EventDate "2008.??.??"]

1. Nf3 Nf6 2. c4 c5 3. Nc3 Nc6 4. e3 e5 5. d4 cxd4 6. exd4 exd4 7. Nxd4 Bc5 8.
Nxc6 bxc6 9. Be2 O-O 10. O-O d5 11. cxd5 cxd5 12. Bg5 1/2-1/2

[Event "Alpenpokal"]
[Site "Oberstdorf / Langenwang"]
[Date "2008.01.11"]
[Round "1"]
[White "Thonig, Manfred"]
[Black "Buchäckert, Jürgen"]
[Result "0-1"]
[WhiteElo "1739"]
[BlackElo "1942"]
[PlyCount "100"]
[EventDate "2008.??.??"]

1. f4 d5 2. Nf3 Nf6 3. e3 g6 4. d4 Bg7 5. Bb5+ c6 6. Bd3 Bg4 7. Nbd2 Nbd7 8. c3
O-O 9. O-O c5 10. b3 Qa5 11. Qc2 b5 12. Bb2 c4 13. Be2 Bf5 14. Qc1 Ng4 15. b4
Qb6 16. Nb1 a5 17. Ne5 Ndxe5 18. fxe5 f6 19. exf6 Nxf6 20. bxa5 Rxa5 21. Ba3
Qe6 22. Bb4 Raa8 23. Na3 Rab8 24. Nc2 Bxc2 25. Qxc2 Qxe3+ 26. Kh1 Ne4 27. Bf3
Qf4 28. Bxe7 Rf7 29. g3 Qf5 30. Bxe4 Qxe4+ 31. Qxe4 dxe4 32. Rxf7 Kxf7 33. Bd6
Ra8 34. a3 Ke6 35. Bc5 Bf8 36. Bxf8 Rxf8 37. Kg2 Rf3 38. Rc1 Rd3 39. Rc2 g5 40.
Kf2 Kd5 41. Ke2 g4 42. Kf2 e3+ 43. Ke2 Ke4 44. Rb2 Rxc3 45. d5 Rxa3 46. d6 Rd3
47. Rxb5 Rxd6 48. Rh5 Rd2+ 49. Ke1 c3 50. Rxh7 c2 0-1

[Event "Alpenpokal"]
[Site "Oberstdorf / Langenwang"]
[Date "2008.01.11"]
[Round "1"]
[White "Josting, Friedel"]
[Black "Aufmwasser, Günter"]
[Result "1-0"]
[WhiteElo "1988"]
[BlackElo "1845"]
[PlyCount "67"]
[EventDate "2008.??.??"]

1. Nf3 Nf6 2. d4 g6 3. Bg5 c6 4. Nbd2 d6 5. h3 Bg7 6. e4 h5 7. Bc4 Nh7 8. Be3
a5 9. a4 Na6 10. O-O Nc7 11. Qe2 Be6 12. c3 O-O 13. Rfe1 d5 14. exd5 Nxd5 15.
Bd3 Bd7 16. Ne5 Bxe5 17. dxe5 Nxe3 18. Qxe3 Qc8 19. Rad1 b5 20. axb5 cxb5 21.
Nf3 Rb8 22. e6 Bxe6 23. Bxg6 fxg6 24. Qxe6+ Qxe6 25. Rxe6 g5 26. Rxe7 g4 27.
hxg4 hxg4 28. Ne5 Nf6 29. Nd7 Nxd7 30. Rdxd7 Rfd8 31. Rg7+ Kh8 32. Rh7+ Kg8 33.
Rdg7+ Kf8 34. Rxg4 1-0

[Event "Alpenpokal"]
[Site "Oberstdorf / Langenwang"]
[Date "2008.01.11"]
[Round "1"]
[White "Wahl, Hedi"]
[Black "Frankenberger, Ralf"]
[Result "0-1"]
[WhiteElo "1357"]
[BlackElo "1968"]
[PlyCount "54"]
[EventDate "2008.??.??"]

1. e4 e5 2. Nf3 Nc6 3. Bb5 d6 4. d3 Nf6 5. h3 Bd7 6. a4 Be7 7. Nc3 a6 8. Bxc6
Bxc6 9. Bd2 O-O 10. O-O Re8 11. b3 Bf8 12. Qc1 d5 13. exd5 Nxd5 14. Nxd5 Bxd5
15. Nh2 Qd6 16. Re1 Qg6 17. f3 Rad8 18. Kh1 b6 19. Ng4 Bd6 20. Ne3 Bb7 21. Nc4
Qg3 22. Nxd6 Rxd6 23. Bf4 Qh4 24. Bxe5 Rde6 25. Bc3 Bxf3 26. Rxe6 Qxh3+ 27. Kg1
Qxg2# 0-1

[Event "Alpenpokal"]
[Site "Oberstdorf / Langenwang"]
[Date "2008.01.11"]
[Round "1"]
[White "Gerhards, Walter"]
[Black "Lübbers, Doris"]
[Result "1-0"]
[WhiteElo "1942"]
[BlackElo "1655"]
[PlyCount "96"]
[EventDate "2008.??.??"]

1. e4 c5 2. Nf3 Nc6 3. d4 cxd4 4. Nxd4 Nf6 5. Nc3 a6 6. Be2 e6 7. Be3 Be7 8.
Qd2 b6 9. g4 Bb7 10. g5 Ng8 11. O-O-O g6 12. h4 Qc7 13. f4 O-O-O 14. Rhf1 Bc5
15. f5 exf5 16. exf5 Nge7 17. f6 Nf5 18. Nxf5 gxf5 19. Bxc5 bxc5 20. Rxf5 d6
21. Nd5 Qa5 22. Ne7+ Kc7 23. Qxa5+ Nxa5 24. Bf3 Bxf3 25. Rxf3 Nc6 26. Re3 Ne5
27. b3 Rd7 28. c4 Rhd8 29. Kc2 Rh8 30. Rde1 Rhd8 31. Re4 Rh8 32. Nf5 Rhd8 33.
Nxd6 Nf3 34. Ne8+ Kc6 35. Rh1 Nd4+ 36. Kc1 Ne6 37. Rxe6+ fxe6 38. Ng7 e5 39. h5
e4 40. Nf5 Rd3 41. g6 hxg6 42. hxg6 Rf8 43. Ne7+ Kd6 44. g7 Rxf6 45. g8=Q Kxe7
46. Rh7+ Kd6 47. Qb8+ Ke6 48. Qc8+ Ke5 1-0

[Event "Alpenpokal"]
[Site "Oberstdorf / Langenwang"]
[Date "2008.01.11"]
[Round "1"]
[White "Tessmer, Hans-Peter"]
[Black "Maissenbacher, Werner"]
[Result "0-1"]
[WhiteElo "1610"]
[BlackElo "1942"]
[PlyCount "76"]
[EventDate "2008.??.??"]

1. e4 c5 2. Nf3 Nc6 3. d4 cxd4 4. Nxd4 Nf6 5. Nc3 e5 6. Ndb5 d6 7. Bg5 a6 8.
Na3 b5 9. Nd5 Be7 10. Bxf6 Bxf6 11. c3 Bg5 12. Nc2 O-O 13. Be2 Kh8 14. O-O f5
15. exf5 Bxf5 16. Nce3 Bxe3 17. Nxe3 Bg6 18. Nd5 Ra7 19. Bf3 e4 20. Bh5 Qg5 21.
Bxg6 Qxg6 22. Ne3 Ne5 23. Qd5 Raf7 24. Rad1 Rf6 25. c4 b4 26. c5 Nd3 27. cxd6
Rxd6 28. Qc4 Rc6 29. Qd5 Rcf6 30. Rd2 Rf4 31. Rc2 Qb6 32. Re2 h6 33. g3 Qg6 34.
Nc4 Rg4 35. Ne5 Qh5 36. Rxe4 Nf4 37. Qd4 Ne2+ 38. Rxe2 Rxd4 0-1